000 00508 a2200157 4500
005 20250621110815.0
020 _a0-256-26116-4
082 _aLM 621.3 RIZ
100 _aRIZZONI, G.
245 _aPrinciples and Application of Electrical Engineering
250 _a3rd Ed.
260 _aBoston,
_bMcGraw-Hill ,
_c2000.
300 _axv, 976p.: ill.; figure, picture, table,
_bIndex,
_c27cm.
856 _yAccess Book Online
_fPrinciples and Application of Electrical Engineering
_dwww.mhhe,com
942 _2ddc
_cBKS
999 _c2800
_d2800